METALLURGICAL PROCESS A SERIES OF CRITICAL REVIEWS (Record no. 568621)

000 -LEADER
fixed length control field 00302nam a22001097a 4500
082 ## - DEWEY DECIMAL CLASSIFICATION NUMBER
Classification number 669 MET'A
245 ## - TITLE STATEMENT
Title METALLURGICAL PROCESS A SERIES OF CRITICAL REVIEWS
260 ## - PUBLICATION, DISTRIBUTION, ETC.
Place of publication, distribution, etc. LONDON
Name of publisher, distributor, etc. IRON & STEEL
Date of publication, distribution, etc. 1960
300 ## - PHYSICAL DESCRIPTION
Extent 80P
650 ## - SUBJECT ADDED ENTRY--TOPICAL TERM
Topical term or geographic name entry element IRON MAKING STEEMAKING SOLIDIFICATION OF STEEL
9 (RLIN) 58422
942 ## - ADDED ENTRY ELEMENTS (KOHA)
Koha item type Book
Holdings
Withdrawn status Lost status Damaged status Not for loan Permanent Location Current Location Shelving location Date acquired Total Checkouts Full call number Barcode Date last seen Price effective from Koha item type
        College of Electrical & Mechanical Engineering (CEME) College of Electrical & Mechanical Engineering (CEME) General Stacks 07/17/2017   669 MET'A CEME-3089 06/28/2021 06/28/2021 Book
© 2023 Central Library, National University of Sciences and Technology. All Rights Reserved.